Vocabulaire russe - L'athlétisme - Statistiques

Statistiques générales
  • Ce quiz a été pris 4 fois
  • Le résultat moyen est 12 sur 26
Statistiques - réponses
Hint Réponse % Correct
Тренер / коуч L'entraîneur
100%
Спринт Le sprint
100%
стадион Le stade
100%
Шорты Le short
75%
Футболка Le t-shirt
75%
барьер La haie
50%
Спринтерша La sprinteuse
50%
Метание диска Le lancer de disque
50%
Прыжки с шестом Le saut à la perche
50%
Прыжок в высоту Le saut en hauteur
50%
Прыжок в длину Le saut en longueur
50%
Спринтер Le sprinteur
50%
Соревнование La compétition
25%
Бег с барьерами La course de haies
25%
Внутренний зал La halle intérieur
25%
дорожка La piste
25%
Средние дистанции Le demi fond
25%
Бросок Le lancer
25%
Метание копья Le lancer de javelot
25%
Метание молота Le lancer de marteau
25%
Толкание ядра Le lancer de poids
25%
Песок Le sable
25%
Прыжок Le saut
25%
Легкоатлетические шипы Les pointes
25%
стартовые блоки Les startings-blocks
25%
Тройной прыжок Le triple-saut
25%
Aucun quiz correspondant
Distribution des résultats
% des personnes avec chaque résultat
Percentile par nombre de réponses
Votre historique - résultats
Vous n’avez pas pris ce quiz